Vplyv korupcie na ľudský rozvoj vo vybraných rozvojových krajinách

Ľudský rozvoj a vybrané faktory, ktoré naň môžu mať určitý vplyv. Analýza rozvojovej pomoci vo vzťahu k odvetviam podporujúcim ľudský rozvoj.

Salvato in:
Dettagli Bibliografici
Autore principale: Bašteková, Andrea
Natura: Capitolo di libro
Lingua:slovacco
Soggetti:
Tags: Aggiungi Tag
Nessun Tag, puoi essere il primo ad aggiungerne!!

MARC

LEADER 00000naa a2200000 4500
001 0160888
005 20231204130935.6
041 0 |a slo 
044 |a SK 
245 1 0 |a Vplyv korupcie na ľudský rozvoj vo vybraných rozvojových krajinách  |c Andrea Bašteková 
520 |a Ľudský rozvoj a vybrané faktory, ktoré naň môžu mať určitý vplyv. Analýza rozvojovej pomoci vo vzťahu k odvetviam podporujúcim ľudský rozvoj. 
610 2 0 |a rozvoj sociálno-ekonomický 
610 2 0 |a korupcia 
610 2 0 |a krajiny rozvojové 
610 2 0 |a pomoc rozvojová 
100 1 |a Bašteková, Andrea